|
|
|
|
| LEADER |
00000nam a2200000 a 4500 |
| 001 |
vtls001470176 |
| 003 |
SK-MaSNL |
| 005 |
20260301014728.0 |
| 008 |
240315s1958 xx 0 und |
| 035 |
|
|
|a SNK000425481
|
| 040 |
|
|
|a SNK
|b slo
|c SNK
|e AACR2
|
| 100 |
1 |
|
|a Watson, George
|4 aut
|9 303485
|
| 245 |
1 |
4 |
|a The cincice Cambridge bibliography of english literature 600 - 1950
|
| 250 |
|
|
|a 2. vyd.
|
| 260 |
|
|
|a Londýn
|b Syndics of the Cambridge University Press Bentley House
|c 1958
|
| 300 |
|
|
|a 263 s.
|
| 999 |
|
|
|c 559079
|d 561009
|
| 952 |
|
|
|t P60, <04>, [BOOK], {604}
|a SNK
|b SNK
|y VYP
|7 0
|p 17A0416949
|o snkID 49637
|i snkV 1769/69
|0 0
|1 0
|4 0
|d 2004-03-04
|l 0
|r 2005-01-02 00:00:00
|w 2026-02-23
|